Особенности воспроизведения концепта семья в немецких переводах романа Ф. М. Достоевского "Преступление и Наказание"; Культура и текст; № 4(47)

التفاصيل البيبلوغرافية
Parent link:Культура и текст.— , 1997-
№ 4(47).— 2021.— [С. 108-130]
المؤلف الرئيسي: Головачева Е. А. Екатерина Александровна
مؤلف مشترك: Национальный исследовательский Томский политехнический университет Управление проректора по образовательной деятельности Институт развития инженерного образования Отдел развития онлайн образования
الملخص:Заглавие с экрана
Режим доступа: по договору с организацией-держателем ресурса
اللغة:الروسية
منشور في: 2021
الموضوعات:
الوصول للمادة أونلاين:https://elibrary.ru/item.asp?id=47475048
التنسيق: الكتروني فصل الكتاب
KOHA link:https://koha.lib.tpu.ru/cgi-bin/koha/opac-detail.pl?biblionumber=666577

MARC

LEADER 00000naa0a2200000 4500
001 666577
005 20250217163410.0
035 |a (RuTPU)RU\TPU\network\37781 
090 |a 666577 
100 |a 20220112d2021 k||y0rusy50 ca 
101 0 |a rus 
102 |a RU 
135 |a drnn ---uucaa 
181 0 |a i  
182 0 |a b 
200 1 |a Особенности воспроизведения концепта семья в немецких переводах романа Ф. М. Достоевского "Преступление и Наказание"  |d The peculiarities of the «Family» concept transfer in the German translations of the novel «Crime and Punishment» by F. M. Dostoevsky  |f Е. А. Головачева 
203 |a Текст  |c электронный 
300 |a Заглавие с экрана 
320 |a [Библиогр.: 46 назв.] 
333 |a Режим доступа: по договору с организацией-держателем ресурса 
461 |t Культура и текст  |d 1997- 
463 |t № 4(47)  |v [С. 108-130]  |d 2021 
510 1 |a The peculiarities of the «Family» concept transfer in the German translations of the novel «Crime and Punishment» by F. M. Dostoevsky  |z eng 
600 1 |a Достоевский  |g Федор Михайлович  |f 1821-1881  |c русский писатель  |b Ф. М.  |2 stltpush  |3 (RuTPU)RU\TPU\pers\1038 
610 1 |a электронный ресурс 
610 1 |a труды учёных ТПУ 
610 1 |a Германия 
610 1 |a рецепция 
610 1 |a художественный перевод 
610 1 |a концепт 
610 1 |a идиостили 
700 1 |a Головачева  |b Е. А.  |c лингвист, менеджер  |c начальник отдела Томского политехнического университета, кандидат филологических наук  |f 1985-  |g Екатерина Александровна  |3 (RuTPU)RU\TPU\pers\31300  |9 15478 
712 0 2 |a Национальный исследовательский Томский политехнический университет  |b Управление проректора по образовательной деятельности  |b Институт развития инженерного образования  |b Отдел развития онлайн образования  |3 (RuTPU)RU\TPU\col\27879 
801 2 |a RU  |b 63413507  |c 20220112  |g RCR 
856 4 |u https://elibrary.ru/item.asp?id=47475048 
942 |c CF